Guess the song #2 (The Great Gatsby) - Statistics

General Stats
  • This quiz has been taken 3 times
  • The average score is 367 of 490
Answer Stats
Answer % Correct
a
100%
and
100%
And
100%
another
100%
at
100%
can
100%
cops
100%
even
100%
find
100%
for
100%
gatsby
100%
he
100%
He
100%
I
100%
i
100%
if
100%
in
100%
is
100%
Jay
100%
live
100%
matter
100%
me
100%
my
100%
never
100%
new
100%
no
100%
of
100%
off
100%
on!
100%
on
100%
on,
100%
out
100%
over
100%
over,
100%
party
100%
party -
100%
party"
100%
partys
100%
party's
100%
pay
100%
roaring
100%
so
100%
some
100%
somewhere
100%
somewhere?
100%
stops
100%
take
100%
the
100%
The
100%
"The
100%
there
100%
there?
100%
There
100%
to
100%
today
100%
today,
100%
was
100%
we
100%
We
100%
what
100%
when
100%
wheres
100%
Where's
100%
you
100%
after
50%
all
50%
arms
50%
bacchanalia
50%
be
50%
beat
50%
been
50%
begun
50%
city
50%
city's
50%
citys
50%
come
50%
coming
50%
could
50%
couldnt
50%
crave
50%
cross
50%
escape
50%
evening
50%
everyone
50%
everyones
50%
everyone's
50%
expensive
50%
felt
50%
forget
50%
found
50%
goin
50%
grave
50%
great
50%
Great
50%
happens
50%
has
50%
his
50%
His
50%
home
50%
I'll
50%
invited
50%
it
50%
kind
50%
left
50%
lets
50%
looking
50%
Manhattan.
50%
Manhattan's
50%
Manhattans
50%
mansion
50%
mine
50%
Minesota
50%
misbehave
50%
more
50%
neighbor
50%
next
50%
One
50%
parties
50%
Pennsylvania
50%
reaching
50%
reignited
50%
restlessness
50%
round
50%
rubicon
50%
rumors
50%
shake
50%
shoreline
50%
sound
50%
standing
50%
station
50%
stepped
50%
stretched
50%
that
50%
then
50%
thing
50%
think
50%
tonight
50%
train
50%
Turns
50%
undone
50%
up
50%
wanted
50%
war
50%
water
50%
way
50%
we'll
50%
went
50%
won
50%
york
50%
80
0%
about
0%
aster
0%
attend
0%
back
0%
before
0%
bucks
0%
cottage
0%
crossed
0%
disappears
0%
down
0%
drawn
0%
entirely
0%
faster
0%
fell
0%
first
0%
flame
0%
floor
0%
from
0%
Gatsby's
0%
gone
0%
grounds
0%
have
0%
heard
0%
Heres
0%
him
0%
honnor
0%
hypnotized
0%
island
0%
jacob
0%
john
0%
jumped
0%
knew
0%
letter
0%
like
0%
little
0%
long
0%
month
0%
moths
0%
name
0%
Oh,
0%
opens
0%
other
0%
pace
0%
place
0%
practical
0%
rooms
0%
same
0%
saw
0%
set
0%
silhouetter
0%
sky
0%
takes
0%
this
0%
time
0%
trace
0%
turned
0%
very
0%
were
0%
why
0%
without
0%
wonder
0%
would
0%
yours,
0%
No matching quizzes found
Score Distribution
Percent of People with Each Score
Percentile by Number Answered
Your Score History
You have not taken this quiz